00479pab a2200133 454500008003600000100002200036245010700058650001100165650004700176650003700223700002300260700001700283773004500300180718b xxu||||| |||| 00| 0 eng d aRavallion, Martin aDoes Mahsrashtra's employment guarentee scheme guarantee employment? effects of the 1988 wage increase a Wages a Maharashtra's Employment Guarantee Scheme aEmployment - India - Maharashtra aChaudhuri, Shubham aDatt, Gaurav aEconomic Development and Cultural Change